00720nam a2200229 a 4500001001300000003000900013005001700022008004100039020002300080082002100103100002100124245004400145260005000189300001000239500003500249650001600284700002100300902000800321942000700329952013700336999001700473nice12345678IN_TiNIC20260116014537.0131226s2013 dela grp 000 0 eng  a8185063753 c16000a305.480297bKHA5 aKhan, Wahiduddin aWoman Between Islam and Western Society aDelhibIslamic Centre(al-Risala Office c2013 a252p  aincludes index and biblioraphy aWomen-Islam1 aKhan, Wahiduddin bSRS cBK 001040708StackRoom-aHMIbHMId2013-12-26g160.00l5m1o305.480297 KHA5p024282r2023-02-08s2023-01-13v160.00w2013-12-26yBK c15886d15886